| 000 | 00362nam a22001457a 4500 | ||
|---|---|---|---|
| 003 | MACL | ||
| 005 | 20190914155408.0 | ||
| 008 | 190914b xxu||||| |||| 00| 0 eng d | ||
| 040 | _cMACL | ||
| 100 |
_aChandra,Manish _976653 |
||
| 245 | _aIslamist Challenfes in West Asia | ||
| 260 |
_aDelhi _bSurendra Pub _c2016 |
||
| 650 |
_aPolitics _976654 |
||
| 942 |
_2ddc _cBK |
||
| 999 |
_c61004 _d61004 |
||